Bars/Boîtes où se torpiller à La Rochelle - Statistiques

Statistiques générales
  • Ce quiz a été pris 41 fois
    37 depuis la dernière actualisation
  • Le résultat moyen est 7 sur 25
Statistiques - réponses
Bars Indices % Correct
La Terrasse
64%
Chez Auguste
60%
Le White
60%
Le Jolly De grandes pintes à 8°
52%
Le Blackout
48%
Le Piano
48%
L'Oxford
44%
Le Dock
40%
La Guignette
32%
Mauvais garçons
32%
Le Barracuda
28%
Le Next La fin d'une ère mais quel Banger en 3A
28%
Le Zinc
24%
Auguste la nuit
20%
L'abreuvoir Coupe du monde 2022
20%
Le Cohiba Carré VIP à 10e
20%
Les Enfants du rock
20%
Le Sur Mesure
16%
L'amiral
12%
Le Red
12%
VHS
12%
Chez Evan Le meilleur de tous !(c'est pas un bar/boîte)
8%
Le GH
8%
Le Pinte à Kill Jamais mit 1 pied, ça pue
8%
Chez popeye
4%
Aucun quiz correspondant
Distribution des résultats
% des personnes avec chaque résultat
Percentile par nombre de réponses
Votre historique - résultats
Vous n’avez pas pris ce quiz depuis la dernière actualisation